|
|
|
|
| LEADER |
00000nam2a2200000 4500 |
| 001 |
69920 |
| 005 |
20231031080511.0 |
| 010 |
|
|
|a 5060007421
|
| 035 |
|
|
|a (RuTPU)RU\TPU\book\74457
|
| 090 |
|
|
|a 69920
|
| 100 |
|
|
|a 20041105d1990 km y0rusy50 ca
|
| 101 |
0 |
|
|a rus
|
| 102 |
|
|
|a RU
|
| 105 |
|
|
|a a z 001zy
|
| 200 |
0 |
|
|a Кн. 5 : Организация диалога в САПР
|f В. И. Артемьев, В. Ю. Строганов
|
| 210 |
|
|
|d 1990
|
| 215 |
|
|
|a 158 с.
|c ил.
|
| 320 |
|
|
|a Библиогр.: с. 156
|
| 461 |
|
1 |
|0 (RuTPU)RU\TPU\book\261112
|t Разработка САПР
|o в 10 кн.
|f под ред. А. В. Петрова
|v Кн. 5 : Организация диалога в САПР
|d 1990-1991
|
| 606 |
|
|
|a Автоматизированные системы проектирования
|x диалоговые
|x Програмное обеспечение
|2 stltpush
|3 (RuTPU)RU\TPU\subj\705
|
| 610 |
1 |
|
|a САПР
|
| 610 |
1 |
|
|a диалоги
|
| 610 |
1 |
|
|a диалоговые процедуры
|
| 610 |
1 |
|
|a информационно-программное обеспечение
|
| 610 |
1 |
|
|a диалоговые средства
|
| 610 |
1 |
|
|a диалоговые интерфейсы
|
| 610 |
1 |
|
|a пакеты программ
|
| 610 |
1 |
|
|a программы
|
| 675 |
|
|
|a 658.512.2.011.56:681.3
|v 3
|
| 700 |
|
1 |
|a Артемьев
|b В. И.
|g Валерий Иванович
|
| 701 |
|
1 |
|a Строганов
|b В. Ю.
|g Виктор Юрьевич
|
| 801 |
|
1 |
|a RU
|b 63413507
|c 20041105
|g PSBO
|
| 801 |
|
2 |
|a RU
|b 63413507
|c 20180119
|g PSBO
|
| 942 |
|
|
|c BK
|